| 000 | 00623nam a2200169 a 4500 | ||
|---|---|---|---|
| 008 | 071119s2004 ||||||||||||||||| || u | ||
| 020 | _a1931836124 | ||
| 050 | _aQA 76.67.W56 Sne | ||
| 100 | _aSnedaker, Susan | ||
| 245 | 1 | 0 |
_aBest Damn Windows server 2003 Period Book _cSusan Snedaker |
| 260 |
_aRockland _bSyngress Publishing _c2004 |
||
| 300 | _axxxiv, 997p.: ill. | ||
| 350 | _a0.00 | ||
| 650 | _aWINDOWS | ||
| 650 | _aWINDOWS SERVER 2003 | ||
| 995 |
_D0.00 _FCBU-MAIN LIBRARY (Kitwe) _H1 _I0.00 _M1 _UAVAILABLE _WNov 19, 2007 _ZMain Library Open Access Collection |
||
| 999 |
_c35738 _d35738 |
||